Statistics for Largest Countries With No Winter Olympic Medals

Click here to take the quiz!

General Stats

  • This quiz has been taken 40 times
  • The average score is 10 of 11

Answer Stats

PopAnswer% Correct
214mBrazil
100%
1388mIndia
100%
117mEthiopia
97%
271mIndonesia
97%
211mNigeria
97%
225mPakistan
97%
102mEgypt
95%
172mBangladesh
92%
126mMexico
92%
111mPhilippines
84%
98mVietnam
84%

Score Distribution

Percentile by Number Answered

Percent of People with Each Score

Your Score History

You have not taken this quiz